000 00354nam a22001217a 4500
999 _c5222
_d5222
008 250827b ||||| |||| 00| 0 eng d
020 _a9781742767819
082 _a823.92 PIC
100 _aPICHON,LIZ
_eAUTHOR
_lENGLISH
245 _aTOM GATES
_bEXTRA SPECIAL TREATS (not)
260 _a345 Pacific Highway,Lindfield NSW 2070
_bSCHOLASTIC
_c2013
942 _2ddc